Dosahy súčasnej krízy na medzinárodnú marketingovú stratégiu firiem v EÚ

Dosahy krízy na medzinárodnú marketingovú stratégiu. Správanie spotrebiteľov v štúdii spoločnosti Cetelem, kde boli dopytovaní spotrebitelia 12 krajín Európy. Medzinárodná produktová politika. Medzinárodná cenová politika. Medzinárodná komunikačná politika. Medzinárodná personálna politika. Štúdie v...

Descripción completa

Guardado en:
Detalles Bibliográficos
Autor principal: Brynkusová, Barbora
Formato: Capítulo de libro
Lenguaje:eslovaco
Materias:
Etiquetas: Agregar Etiqueta
Sin Etiquetas, Sea el primero en etiquetar este registro!

MARC

LEADER 00000naa$a2200000$$$4500
001 0147327
005 20240502072648.9
041 0 |a slo 
044 |a SK 
245 1 0 |a Dosahy súčasnej krízy na medzinárodnú marketingovú stratégiu firiem v EÚ  |c Barbora Brynkusová 
520 |a Dosahy krízy na medzinárodnú marketingovú stratégiu. Správanie spotrebiteľov v štúdii spoločnosti Cetelem, kde boli dopytovaní spotrebitelia 12 krajín Európy. Medzinárodná produktová politika. Medzinárodná cenová politika. Medzinárodná komunikačná politika. Medzinárodná personálna politika. Štúdie v oblasti medzinárodnej marketingovej stratégie v EÚ. 
610 2 0 |a marketing medzinárodný 
610 2 0 |a komunikácia marketingová 
610 2 0 |a stratégia marketingová 
610 2 0 |a distribúcia 
610 2 0 |a reklama 
610 2 0 |a telemarketing 
610 2 0 |a politika cenová 
610 2 0 |a politika personálna 
610 2 0 |a produkty 
610 2 0 |a správanie spotrebiteľa 
610 2 0 |a štúdie 
610 2 0 |a Európska únia 
610 2 0 |a kríza hospodárska 
100 1 |a Brynkusová, Barbora